| 000 | 00820cab a2200229 4500 | ||
|---|---|---|---|
| 001 | ABS45734 | ||
| 008 | 090401t1992 xxu||||| |||| 00| 0 eng d | ||
| 035 | _a(Sirsi) u54818 | ||
| 041 | _aeng | ||
| 100 | _aSydenham, A. | ||
| 245 | _aContracts for the sale of land | ||
| 260 | _c1992 | ||
| 350 | _a0 | ||
| 490 |
_aFarm Tax Brief _v7(1) December 1991/ January 1992, 7-8(2) |
||
| 520 | _aAnswers questions on land sale contracts, including variations and the grant of options, in the light of recent cases: Record v Bell; Spiro v Glencrown Properties Ltd; and Michael Richards Properties Ltd v St Saviour`s Warden. | ||
| 650 | _aENFORCEABILITY | ||
| 650 | _aLAW OF PROPERTY ACT 1925 S 40 | ||
| 650 | _aLAW OF PROPERTY MISCELLANEOUS PROVISIONS ACT 1989 | ||
| 690 | _aLAND | ||
| 942 | _n0 | ||
| 948 | _c04/03/1997 | ||
| 999 |
_c33594 _d33594 |
||